Southville International School and Colleges
Your cart is empty.
  • Cart
  • Lists
    Public lists Eva Luna New books Lux_list list_1
    Your lists Log in to create your own lists
  • Log in to your account
  • Your cookies
  • Search history
Southville International School and Colleges
  • Advanced search
  • Recent comments
  • Most popular
  • Libraries

Log in to your account

Log in with GOOGLE


If you do not have an external account, but do have a local account, you can still log in:

  1. Home
  2. MARC view: Stone soup /
Normal view MARC view ISBD view

Stone soup / (Record no. 103682)

[ view plain ]
MARC details
000 -LEADER
fixed length control field 006116161a2200181 4500
005 - DATE AND TIME OF LATEST TRANSACTION
control field 20140412111306.0
008 - FIXED-LENGTH DATA ELEMENTS--GENERAL INFORMATION
fixed length control field 140211s1991 xx 000 0 und d
020 ## - INTERNATIONAL STANDARD BOOK NUMBER
International Standard Book Number 0-8234-0863-9
050 ## - LIBRARY OF CONGRESS CALL NUMBER
Classification number TR(PS E
Item number St7 1991
100 ## - MAIN ENTRY--PERSONAL NAME
Personal name Stewig, John W.
245 ## - TITLE STATEMENT
Title Stone soup /
Statement of responsibility, etc adapted by John Warren Stewig; illustrated by Margot Tomes.
250 ## - EDITION STATEMENT
Edition statement 1st Ed.
260 ## - PUBLICATION, DISTRIBUTION, ETC. (IMPRINT)
Place of publication, distribution, etc New York :
Name of publisher, distributor, etc Holiday House,
Date of publication, distribution, etc 1991.
300 ## - PHYSICAL DESCRIPTION
Extent 1v. (unp.) ; ill.
520 ## - SUMMARY, ETC.
Summary, etc A clever lass, in need of a meal, shows some stingy villagers how to make soup starting with a magic stone.
650 ## - SUBJECT ADDED ENTRY--TOPICAL TERM
Topical term or geographic name as entry element Folklore-France
Holdings
Withdrawn status Lost status Damaged status Home library Current library Shelving location Date acquired Source of acquisition Total Checkouts Full call number Barcode Date last seen Price effective from Koha item type
      Elizalde Library Elizalde Library Teachers Reference Section 04/27/2001     TR(PS E St7 1991 E5715 04/12/2014 04/12/2014 Books

Stone soup /

APA

Stewig J. W., . (1991). Stone soup. New York: Holiday House.

Chicago

Stewig John W, . 1991. Stone soup. New York: Holiday House.

Harvard

Stewig J. W., . (1991). Stone soup. New York: Holiday House.

MLA

Stewig John W, . Stone soup. New York: Holiday House. 1991.

  • Place hold
  • Print
  • Cite
  • Add to your cart (remove)
  • Save record
    BIBTEX Dublin Core MARCXML MARC (non-Unicode/MARC-8) MARC (Unicode/UTF-8) MARC (Unicode/UTF-8, Standard) MODS (XML) RIS
  • More searches
    Search for this title in:
    Other Libraries (WorldCat) Other Databases (Google Scholar) Online Stores (Bookfinder.com) Open Library (openlibrary.org)

Exporting to Dublin Core...

SOUTHVILLE LIBRARY

Southville International School and Colleges Library

1281 Tropical Ave. Cor. Luxembourg St., BF Homes International, Las Pinas City

Tel. No. 8256374 / 252358 Loc. 117/146

Powered by Koha